Top 246 par ordre d'Abonées Youtube FR - Statistiques

Statistiques générales
  • Ce quiz a été pris 534 fois
    354 depuis la dernière actualisation
  • Le résultat moyen est 28 sur 246
Statistiques - réponses
Place Nombre
D'abonées
Réponse % Correct
1 18.1M Squeezie
94%
2 14.4M Cyprien
88%
6 8.53M Michou
87%
10 6.73M Inoxtag
85%
3 11.7M Norman
80%
4 9.63M Tibo InShape
79%
7 8.12M Amixem
68%
16 5.41M Mastu
64%
14 5.64M Joyca
61%
19 5.15M Natoo
58%
9 7.19M Mcfly et Carlito
54%
5 9.47M Lama faché
51%
31 4.02M LeBouseuh
49%
30 4.06M Gotaga
47%
12 6.21M Mister V
47%
11 6.22M Swan et Néo
42%
49 3.04M Valouzz
40%
17 5.27M Seb
39%
90 1.9M Pidi
37%
57 2.56M Theodort
36%
113 1.5M Aminematue
31%
142 1.18M Djilsi
31%
8 7.3M Rémi Gaillard
29%
64 2.42M Sora
29%
25 4.61M Squeezie Gaming
29%
37 3.76M Joueur du Grenier
28%
243 214K Maxime Biaggi
28%
61 2.48M Lena Situations
27%
15 5.5M Kevin Tran
26%
34 3.93M Pierre Croce
26%
223 523K RebeuDeter
26%
27 4.3M MichouOff
25%
79 2.01M Dooms
24%
20 4.97M Furious Jumper
23%
85 1.94M Neoxi
23%
26 4.48M Dr Nozman
21%
39 3.67M EnjoyPhoenix
21%
121 1.39M Henry Tran
21%
22 4.75M Hugoposé
21%
51 2.87M Juju Fitcats
21%
112 1.51M Locklear
21%
48 3.06M Vodk
21%
23 4.74M FastGoodCuisine
20%
45 3.45M ANDY
19%
21 4.82M CYRILmp4
19%
32 3.98M Le Monde à L'Envers
19%
83 1.98M Hugo décrypte
19%
36 3.77M Le Grand JD
19%
58 2.52M Wankil Studio
19%
13 6.15M Bigorneaux et Coquillages
18%
159 1.06M Linca
17%
35 3.88M TheKAIRI78
16%
18 5.2M Anas
15%
52 2.86M Antoine Daniel
15%
181 825K Domingo
15%
44 3.54M Golden Moustache
15%
24 4.64M IbraTV
15%
40 3.66M LaSalle
15%
28 4.28M L'atelier de Roxane
15%
72 2.19M Inoxtag 2.0
14%
109 1.52M Marie
14%
46 3.32M Poisson Fécond
14%
42 3.56M Studio Bagel
13%
201 648K Theo Babac
13%
138 1.22M Deujna
12%
55 2.69M Fuze III
12%
73 2.18M Hugo Tout Seul
12%
43 3.55M Le Woop
12%
76 2.07M Sofyan
12%
202 629K Chris
11%
29 4.14M Greg Guillotin
11%
245 89.6K Grimkujow
11%
54 2.79M Trash
11%
94 1.82M Math
10%
237 396K Nico
10%
33 3.96M Palmashow
10%
224 509K Raska
10%
145 1.16M Feldup
9%
227 482K Hugo Délire
9%
133 1.24M Louis-San
9%
59 2.51M Polo
9%
88 1.92M Batzair
8%
134 1.24M Farod
8%
87 1.92M GMK
8%
47 3.27M Lolywood
8%
122 1.37M Studio Danielle
8%
66 2.38M Vilebrequin
8%
91 1.87M Benjamin Verecchia
7%
119 1.4M Deo Toons
7%
69 2.24M Doc Seven
7%
89 1.9M Le Bazar Du Grenier
7%
176 909K Léopold
7%
146 1.14M Mickalow
7%
160 1.04M Potatoz
7%
50 3.01M Sananas
7%
67 2.33M Siphano
7%
246 43.1K Theorus
7%
179 833K ZeratoR
7%
204 624K Colas
6%
81 1.99M Frigiel
6%
211 586K Laupok
6%
104 1.59M Mahdi Ba
6%
124 1.34M Ninjaxx
6%
123 1.36M Noholito
6%
205 619K Overspes
6%
92 1.85M PAT
6%
103 1.6M Prime
6%
135 1.23M Tartin
6%
242 316K Zen
6%
77 2.06M Fabien Olicard
5%
150 1.11M Guillaume et Kim
5%
41 3.59M Jeremy Nadeau
5%
82 1.98M Jigmé
5%
115 1.47M Le Roi Des Rats
5%
171 973K Mary-Frozencrystal
5%
141 1.19M Maxence
5%
74 2.07M Mcfly et Carlito la chaîne secondaire
5%
168 1M Oxilac
5%
214 580K Popcorn
5%
86 1.94M Prince
5%
62 2.47M Tim
5%
244 113K CacaboxTV
4%
98 1.72M Colas Bim
4%
78 2.03M Daniil le Russe
4%
120 1.39M Darko
4%
234 427K Freddy Gladieux
4%
169 991K Gurky
4%
180 830K Jean Luc Melenchon
4%
63 2.44M Jojol
4%
60 2.5M Kevin Tran L'Empereur
4%
102 1.6M Les Inachevés
4%
132 1.28M Lonni
4%
101 1.64M Maskey
4%
131 1.28M Newtiteuf
4%
164 1.04M Pokemon Trash
4%
128 1.31M Rayton
4%
200 661K Science Trash
4%
172 967K Snaptrox
4%
189 743K Trash Bandicoot
4%
218 537K Asterion
3%
116 1.46M Aypierre
3%
193 720K Diabo
3%
144 1.16M DirtyBiology
3%
148 1.13M E-penser
3%
38 3.67M GameMixTreize
3%
152 1.09M Kenny
3%
158 1.07M L'autre chaînede Cyprien
3%
232 453K Le Bazar De Laupok
3%
185 783K Lelay
3%
53 2.82M Les Kassos
3%
68 2.3M Les Tutos
3%
71 2.19M Mamytwink
3%
226 486K Manga Trash
3%
106 1.58M McSkyz
3%
126 1.33M Morgan VS
3%
65 2.41M NexTaz
3%
110 1.52M RedKill
3%
174 953K Re:Take
3%
97 1.73M Scoot2Street
3%
163 1.04M Sheshounet
3%
167 1M Superconeri
3%
140 1.2M Taupe10
3%
191 732K Wankil Studio VOD
3%
136 1.23M Adri Geek
2%
149 1.12M Agentgb
2%
209 593K Amaru
2%
143 1.18M BatFlunch
2%
93 1.82M BFA
2%
170 977K Bref
2%
154 1.08M E-dison
2%
175 918K Eureka
2%
111 1.51M Jamy
2%
157 1.07M jojo bernard
2%
196 698K Karal
2%
165 1.03M LeChefOtaku
2%
190 736K Leo-Techmaker
2%
129 1.31M Ludovik
2%
206 617K MaxEstLa
2%
182 818K MisterJday
2%
96 1.73M MrBeast en français
2%
155 1.08M Nanass
2%
108 1.52M Romy
2%
230 461K Savun
2%
156 1.08M Sophie Fantasy
2%
75 2.2M Yvan Monka
2%
118 1.41M Adam Le Rigolow
1%
100 1.64M Alexs
1%
139 1.22M Bapt et Gael
1%
153 1.09M Bloqués
1%
162 1.04M Capitaine Kirk
1%
203 625K Chelxie
1%
177 894K CodForlan
1%
151 1.1M CrazyBomb World
1%
192 728K Cyril Studio
1%
186 780K Cyrus North
1%
220 527K Dimitri
1%
80 2M
Shera Kerienski
1%
147 1.13M ExperimentBoy
1%
215 563K Iconoclaste
1%
173 963K JeanBaptisteShow
1%
114 1.49M Jessy
1%
198 687K JirayaTV
1%
107 1.57M Juste Zoe
1%
235 426K KIRA
1%
239 379K Le Radis Irradié
1%
194 719K Le Raptor
1%
161 1.04M Maouno
1%
187 761K Mont Corvo
1%
195 702K MyFuckinMess
1%
241 347K Sir Gibsy
1%
56 2.59M Skyrozz
1%
240 374K Sylvqin
1%
233 429K Sympa Cool
1%
99 1.64M TheFragHD
1%
184 787K Touny
1%
210 593K Akim Omiri
0%
236 420K Alex Ramires
0%
238 386K Arthur Mosa
0%
199 674K Ashtax
0%
178 843K AstronoGeek
0%
197 692K C'est Une Autre Histoire
0%
229 475K Charlie Haid
0%
137 1.22M Fantasyange
0%
130 1.3M Jericho
0%
222 525K Keni
0%
166 1.01M Khaled Freak
0%
225 488K Kyan Khojandi
0%
213 583K La Mezzanine
0%
188 749K Le Dézapping du Before
0%
183 796K Le Fossoyeur de Films
0%
216 562K Les Parasites
0%
217 543K Les Pizzas Guys
0%
231 457K Nico En Vrai
0%
207 609K Oximoz
0%
125 1.33M Pikashoute
0%
95 1.77M Raissa Gloria
0%
212 584K RebeuDeter 2.0
0%
221 526K Sandoz
0%
228 478K Serge le Mytho
0%
84 1.96M Sissy Mua
0%
219 531K Superflame
0%
105 1.58M Topito
0%
70 2.22M TutoDraw
0%
208 605K Yes Vous Aime
0%
117 1.44M Zartek
0%
127 1.31M ZRKGlitcher
0%
Aucun quiz correspondant
Distribution des résultats
% des personnes avec chaque résultat
Percentile par nombre de réponses
Votre historique - résultats
Vous n’avez pas pris ce quiz depuis la dernière actualisation